| 000 | 00570nam a2200217 a 4500 | ||
|---|---|---|---|
| 999 |
_c10516 _d10516 |
||
| 001 | 10516 | ||
| 003 | BD-JhCC | ||
| 005 | 20180430184831.0 | ||
| 008 | 180430s1970 nbu |||| |||| 000 0 eng d | ||
| 035 | _a(BD-JhCC)10516 | ||
| 040 |
_aBD-JhCC _dBD-JhCC |
||
| 041 | _aeng | ||
| 082 |
_a813.509 _bROB 1970 |
||
| 100 |
_aRoberts, James L., _c1929- |
||
| 245 |
_aThe Sound and The Fury; _bNotes / _cJames L., Roberts, |
||
| 300 |
_a69 P. : _c21 cm. |
||
| 600 | _aSound and the fury (Faulkner, William) | ||
| 650 | _aExaminations | ||
| 942 |
_2ddc _cBK |
||